Minas de Almadén : (Record no. 145950)

MARC details
000 -LEADER
campo de control de longitud fija 00772nam a2200217 i 4500
001 - NÚMERO DE CONTROL
campo de control 145950
003 - IDENTIFICADOR DE NÚMERO DE CONTROL
campo de control ES-MaACL
005 - FECHA Y HORA DE LA ÚLTIMA TRANSACCIÓN
campo de control 20230906201351.0
007 - CAMPO FIJO DE DESCRIPCIÓN FÍSICA--INFORMACIÓN GENERAL
campo de control de longitud fija t|
008 - DATOS DE LONGITUD FIJA--INFORMACIÓN GENERAL
campo de control de longitud fija 071018s1916 sp ||||1| spa d
080 ## - NÚMERO DE LA CLASIFICACIÓN DECIMAL UNIVERSAL
Número de la Clasificación Decimal Universal 622(464.3)
080 ## - NÚMERO DE LA CLASIFICACIÓN DECIMAL UNIVERSAL
Número de la Clasificación Decimal Universal 622.349.9(460.354 Almadén)
100 1# - ENTRADA PRINCIPAL--NOMBRE DE PERSONA
Nombre de persona Verdejo Mesas, Francisco.
9 (RLIN) 114018
245 10 - MENCIÓN DEL TÍTULO
Título Minas de Almadén :
Resto del título conferencia de Francisco Verdejo Mesas el día 9 de noviembre de 1916, inspirada en una memoria sobre las minas de Almadén del señor D. Rafael Cavanillas.
260 ## - PUBLICACIÓN, DISTRIBUCIÓN, ETC.
Lugar de publicación, distribución, etc. Almadén :
Nombre del editor, distribuidor, etc. Eulogio Gallego,
Fecha de publicación, distribución, etc. 1916.
300 ## - DESCRIPCIÓN FÍSICA
Extensión 47 p. ;
Dimensiones 27 cm.
650 ## - PUNTO DE ACCESO ADICIONAL DE MATERIA--TÉRMINO DE MATERIA
Término de materia o nombre geográfico como elemento de entrada Minas-
Subdivisión geográfica Almadén.
9 (RLIN) 136500
650 ## - PUNTO DE ACCESO ADICIONAL DE MATERIA--TÉRMINO DE MATERIA
Término de materia o nombre geográfico como elemento de entrada Minas de mercurio-
Subdivisión geográfica Almadén.
9 (RLIN) 167428
700 1# - ENTRADA AGREGADA--NOMBRE PERSONAL
Nombre de persona Cavanillas, Rafael.
9 (RLIN) 37158
852 4# - LOCALIZACIÓN
Ubicación ES-MaACL
Número de control de estantería 1555-F-16
Holdings
Estatus retirado Estado de pérdida Estado de daño No para préstamo Colección Biblioteca de origen Biblioteca actual Ubicación en estantería Fecha de adquisición Fuente de adquisición Total de préstamos Signatura topográfica completa Código de barras Visto por última vez Precio de reemplazo Tipo de ítem Koha
        Colección de folletos Biblioteca del Ateneo de Madrid Biblioteca del Ateneo de Madrid Depósito folletos 17/01/2008     1555-F-16 1152341 23/02/2023 23/02/2023 Folleto